00855nam a22001577a 4500008004100000040005500041080001700096245004000113260004300153500022600196650002400422700002900446942001200475999001700487952019300504230721b |||||||| |||| 00| 0 eng d aNational Science LibrarycNational Science Library a66.002.3(05) aAnnual review of materials science  aPalo Alto: bAnnual Review Inc, c1981 aVol. 1 (Annual review of materials science) ix, 420p. Vol. 15 (Annual review of materials science) , 589p. Vol. 11 (Annual review of materials science0 , 583p. Vol. 16 (Annual review of materials science) , viii, 571p.  aChemical technology aHuggins, Robert A (Ed.)  cBK2udc c55416d55416 00102udc4066600230570997563aNSLbNSLcFF/Rk-47/C-1/R-2d1982-08-21h Vol. 11 (Annual review of materials science0 , 583p.l0o66.002.3(05)p80455r2023-07-26 00:00:00w1982-08-21yBK